Código de Justicia Militar: edición oficial al 15 de mayo de 1975, aprobada por Decreto N§688, del 26 de junio de 1975, del Ministerio de Justicia
Сохранить в:
| Формат: | |
|---|---|
| Язык: | испанский |
| Опубликовано: |
Santiago
Jurídica
1975
|
| Редактирование: | 8a. ed |
| Предметы: | |
| Метки: |
Добавить метку
Нет меток, Требуется 1-ая метка записи!
|
MARC
| LEADER | 00000nam a2200000 a 4500 | ||
|---|---|---|---|
| 001 | UCR3867 | ||
| 003 | CL-VaPUC | ||
| 008 | 980130e19750000CL |||||||||||||||||spa|d | ||
| 082 | 0 | 4 | |a 343.8301026 |b COD |2 21 |
| 245 | 1 | 0 | |a Código de Justicia Militar: edición oficial al 15 de mayo de 1975, aprobada por Decreto N§688, del 26 de junio de 1975, del Ministerio de Justicia |
| 250 | |a 8a. ed | ||
| 300 | |a 299 p | ||
| 942 | |c BK | ||
| 945 | |d 19980130 00:00:00 |a aolguin | ||
| 260 | |a Santiago |b Jurídica |c 1975 | ||
| 500 | |a Actualizado a mayo de 1975 | ||
| 650 | 0 | |a Código de justicia militar |9 371893 | |
| 650 | 0 | |a Derecho militar |9 255065 | |
| 650 | 7 | |a TRIBUNALES MILITARES |2 CL-VaPUC |9 328495 | |
| 650 | 7 | |a PROCEDIMIENTO JUDICIAL |2 CL-VaPUC |9 403267 | |
| 650 | 0 | |a Penas |9 255927 | |
| 650 | 0 | |a Delitos |9 224143 | |
| 651 | 7 | |a CHILE |2 CL-VaPUC |9 403268 | |
| 583 | |a last modification |c 19980130 00:00:00 |k Rodrigo Vera | ||
| 999 | |c 266886 |d 266884 | ||
| 952 | |0 0 |1 0 |4 0 |6 343_830102600000000_COD_1975 |7 0 |8 A |9 298907 |a BIBDER |b BIBDER |d 2019-11-20 |i 1944576 |o 343.8301026 COD 1975 |p 1944576 |r 2023-01-25 |w 2019-11-20 |y BK |k DER | ||